| 000 | 01109cam a22002773a 4500 | ||
|---|---|---|---|
| 001 | 651 | ||
| 003 | PGUSA | ||
| 005 | 20140828082951.0 | ||
| 008 | 960901s1996||||xxu|||||s|||||000 p eng d | ||
| 040 |
_aPGUSA _beng |
||
| 042 | _adc | ||
| 050 | 4 | _aPR | |
| 100 | 1 |
_aCarroll, Lewis, _d1832-1898 |
|
| 245 | 1 | 0 |
_aPhantasmagoria and Other Poems _h[electronic resource] / _cLewis Carroll |
| 260 |
_bProject Gutenberg, _c1996 |
||
| 505 | 0 | _aPhantasmagoria -- Echoes -- A sea dirge -- Ye carpette knyghte -- Hiawatha's photographing -- Melancholetta -- A valentine -- The three voices -- Tèma con variaziòni -- A game of fives -- Poeta fit, non nascitur -- Size and tears -- Atalanta in Camden-town -- The lang coortin' -- Four riddles -- Fame's penny-trumpet. | |
| 506 | _aPublic domain in the USA. | ||
| 516 | _aElectronic text | ||
| 653 | _aGhosts -- Poetry | ||
| 653 | _aFantasy poetry, English | ||
| 653 | _aEnglish poetry -- 19th century | ||
| 700 | 1 |
_aFrost, A. B. _q(Arthur Burdett), _d1851-1928 |
|
| 830 | 0 |
_aProject Gutenberg _v651 |
|
| 856 | 4 | 0 | _uhttp://www.gutenberg.org/ebooks/651 |
| 942 | _cEB | ||
| 999 |
_c230002 _d230002 |
||